000 00362nam a2200133Ia 4500
008 100328s9999 xx 000 0 und d
082 _b33982
100 _aकापसे रामा
245 _aलेटिन आयोग
260 _bगौरा
630 _aलेटिन आयोग
730 _aलेटिन आयोग
942 _cBOOK
999 _c524269
_d524266